Geometry Dash - Most Downloaded Weekly Demons - Statistics

General Stats
  • This quiz has been taken 8 times
  • The average score is 14 of 20
Answer Stats
Publisher Difficulty Answer Downloads % Correct
Riot Extreme Demon Bloodbath 153,000,000
100%
bli Easy Demon Change of Scene 21,600,000
100%
Caustic Easy Demon Death Moon 57,900,000
100%
Knobbelboy Extreme Demon Bloodlust 52,700,000
80%
Presta Extreme Demon Congregation 7,800,000
80%
Rek3dge Easy Demon DeCode 33,400,000
80%
Danke Easy Demon Im Dead 10,300,000
80%
Grenate Easy Demon iS 9,400,000
80%
Voxicat Easy Demon iSpyWithMyLittleEye 83,900,000
80%
TroxxP1 Easy Demon Ruta del Sol 10,800,000
80%
ItzDolphy Extreme Demon Tartarus 13,400,000
80%
Xender Game Medium Demon Ultra violence 16,300,000
80%
Subwoofer Easy Demon CRUSH 9,300,000
60%
Tongii Medium Demon Mechanical Showdown 13,900,000
60%
TamaN Easy Demon Motion 9,000,000
60%
Booglee Easy Demon What is it 10,500,000
60%
TriAxis Easy Demon X 62,100,000
60%
f3lixsram Easy Demon Adust 7,700,000
40%
NiTro451 Easy Demon Impact X 9,700,000
40%
PotatoBaby Easy Demon Spark 7,900,000
40%
No matching quizzes found
Score Distribution
Percent of People with Each Score
Percentile by Number Answered
Your Score History
You have not taken this quiz